000 00334nam a2200145Ia 4500
008 230917s9999||||xx |||||||||||||| ||und||
040 _e118086
_aMAIN
041 _aEnglish
082 _a589.2 D851I
100 _aDube, H C
245 0 _aIntroduction to fungi
260 _aNew Delhi
_bVikas
_c1990
300 _a608 p.
942 _cBK
999 _c66600
_d66600